000 00936nam0a2200313 4500
001 RU\NLR\bibl\19622
005 20250615014458.0
010 _a5-7594-0071-1
_910000
021 _aRU
_b99-2562
_9121
035 _a(NLR Aleph) 000019124
090 _a85356
_c85356
100 _a19990401d1999 |||y0rusy50 ca
101 0 _arus
102 _aRU
105 _a|||||||||||||
200 1 _a500 игр для PlayStation
_e[Каталог
_fД. Чекалов и др.]
210 _aМ.
_cАстрея
_d1999
215 _a272 с.
_d23
606 0 _aВидеоигры
_92336711
_3RU\NLR\auth\661396997
606 0 _aPLAYSTATION, игровая приставка
_92079623
_3RU\NLR\auth\661255514
686 _aЗ973.23-018.921
701 1 _aЧекалов
_bД.
701 1 _aКоло
_bД.
801 0 _aRU
_bNLR
_c19990401
_gPSBO
801 1 _aRU
_bNLR
_c19990401
852 _aNLR
_j99-7/103
942 _cBOOK
980 _aNB